[Event "Europa ch 2014"]
[Site "Yerevan ARM"]
[Date "2014.03.08"]
[Round "6.92"]
[White "Dastan, Muhammed Batuhan"]
[Black "Zanan, Evgeny"]
[Result "1/2-1/2"]
[WhiteElo "2416"]
[BlackElo "2236"]
[PlyCount "124"]
[EventDate "2014.03.03"]
[EventType "swiss"]
[EventRounds "11"]
[EventCountry "ARM"]
[Source "lmi"]
[SourceDate "2014.03.02"]

1. e4 c5 2. Nf3 d6 3. d4 cxd4 4. Nxd4 Nf6 5. Nc3 a6 6. Bc4 e6 7. O-O b5 8. Bb3
Be7 9. Qf3 Qb6 10. Be3 Qb7 11. Qg3 b4 12. Na4 Nbd7 13. f3 O-O 14. a3 bxa3 15.
Rxa3 Rb8 16. Raa1 Nh5 17. Qf2 Nc5 18. Bc4 Qc7 19. b3 Bd7 20. Nc3 Nf6 21. Kh1
Qc8 22. Rfb1 Bd8 23. Nde2 Bb5 24. Bxb5 axb5 25. e5 Nfd7 26. exd6 b4 27. Na2 Bf6
28. Bd4 e5 29. Bb2 Re8 30. Ng3 Qc6 31. Rd1 e4 32. Bxf6 Nxf6 33. Nf5 Kh8 34. Ne7
Qb5 35. c4 bxc3 36. Nxc3 Nd3 37. Qd4 Qb6 38. Qxb6 Rxb6 39. Kg1 Rxd6 40. Nxe4
Nxe4 41. fxe4 g6 42. Ra7 Red8 43. Rc7 Ne5 44. Rd5 Ng4 45. h3 Nf6 46. Rxd6 Rxd6
47. e5 Rd1+ 48. Kf2 Ne4+ 49. Ke2 Rb1 50. Ke3 Ng5 51. Rc3 Ne6 52. Nc6 Kg7 53. b4
f6 54. Ke4 Re1+ 55. Kd5 Nc7+ 56. Kc5 fxe5 57. b5 Rb1 58. Na7 Ne6+ 59. Kc4 Nd4
60. Kc5 Ne6+ 61. Kb6 Nd4 62. Kc5 Ne6+ 1/2-1/2

[Event "Europa ch 2014"]
[Site "Yerevan ARM"]
[Date "2014.03.08"]
[Round "6.93"]
[White "Meribanov, Vitaly"]
[Black "Pogosian, Georgy"]
[Result "1/2-1/2"]
[WhiteElo "2410"]
[BlackElo "2234"]
[PlyCount "89"]
[EventDate "2014.03.03"]
[EventType "swiss"]
[EventRounds "11"]
[EventCountry "ARM"]
[Source "lmi"]
[SourceDate "2014.03.02"]

1. e4 e6 2. d4 d5 3. Nd2 c5 4. Ngf3 Nc6 5. exd5 Qxd5 6. Bc4 Qd8 7. Nb3 cxd4 8.
O-O Nf6 9. Nbxd4 Nxd4 10. Nxd4 Qc7 11. b3 a6 12. Bb2 Bd6 13. Nf3 b5 14. Bd3 Bb7
15. h3 O-O 16. c4 Rfd8 17. Qe2 Bxf3 18. Qxf3 Bh2+ 19. Kh1 Be5 20. Bxe5 Qxe5 21.
Rfe1 Qc5 22. cxb5 axb5 23. Rec1 Qb4 24. Qe2 Rab8 25. Kg1 Rd5 26. Qc2 Rbd8 27.
Rd1 Qd6 28. Be2 b4 29. Qc4 Qe5 30. Re1 Rd4 31. Bf3 Qf4 32. Rad1 g6 33. g3 Rxd1
34. Qxf4 Rxe1+ 35. Kg2 Nd5 36. Bxd5 Rxd5 37. Qxb4 Re2 38. a4 Rdd2 39. Qb6 e5
40. a5 e4 41. Qb8+ Kg7 42. Qe5+ Kg8 43. Qe8+ Kg7 44. Qe5+ Kg8 45. Qe8+ 1/2-1/2

[Event "Europa ch 2014"]
[Site "Yerevan ARM"]
[Date "2014.03.08"]
[Round "6.94"]
[White "Hovhannisyan, Karen"]
[Black "Nakar, Eylon"]
[Result "0-1"]
[WhiteElo "2188"]
[BlackElo "2409"]
[PlyCount "66"]
[EventDate "2014.03.03"]
[EventType "swiss"]
[EventRounds "11"]
[EventCountry "ARM"]
[Source "lmi"]
[SourceDate "2014.03.02"]

1. e4 e6 2. d4 d5 3. Nd2 c5 4. exd5 Qxd5 5. Ngf3 cxd4 6. Bc4 Qd6 7. O-O Nf6 8.
Nb3 Nc6 9. Nbxd4 Nxd4 10. Nxd4 a6 11. c3 Qc7 12. Bd3 Bd6 13. h3 Bd7 14. Re1
O-O-O 15. Bg5 h6 16. Bxf6 gxf6 17. b4 Kb8 18. Qb3 Rhg8 19. a4 Rg7 20. b5 Rdg8
21. bxa6 Rxg2+ 22. Kf1 Bc5 23. Qxb7+ Qxb7 24. axb7 e5 25. Be4 Rh2 26. Ke2 exd4
27. cxd4 Bxd4 28. Rad1 Rxf2+ 29. Kd3 Bb6 30. Kc4 Be6+ 31. Kb5 Rb2+ 32. Kc6 Bf2
33. Rf1 Rb6# 0-1

[Event "Europa ch 2014"]
[Site "Yerevan ARM"]
[Date "2014.03.08"]
[Round "6.95"]
[White "Antinyan, Armen"]
[Black "Nadanian, Ashot"]
[Result "0-1"]
[WhiteElo "2155"]
[BlackElo "2399"]
[PlyCount "86"]
[EventDate "2014.03.03"]
[EventType "swiss"]
[EventRounds "11"]
[EventCountry "ARM"]
[Source "lmi"]
[SourceDate "2014.03.02"]

1. e4 c5 2. Nf3 d6 3. c3 Nf6 4. h3 Nc6 5. Bd3 d5 6. e5 Nd7 7. e6 fxe6 8. Ng5
Nf6 9. Bxh7 Nxh7 10. Qh5+ Kd7 11. Nxh7 b6 12. O-O Ba6 13. Re1 Bd3 14. Nf6+ exf6
15. Qxh8 Qe8 16. Re3 Bf5 17. d3 Qf7 18. Qh4 d4 19. Rf3 g5 20. Bxg5 fxg5 21.
Qxg5 Be7 22. Qf4 Bd6 23. Qh6 Rg8 24. Nd2 Rg6 25. Qh8 Rg8 26. Qh6 Ne5 27. Rg3
Nxd3 28. Rxg8 Qxg8 29. Nf3 Nf4 30. Qg5 Qxg5 31. Nxg5 dxc3 32. bxc3 Ne2+ 33. Kf1
Nxc3 34. g4 Bd3+ 35. Ke1 c4 36. Nf3 Ne4 37. a3 c3 38. g5 c2 39. g6 Ke7 40. Nd4
Bf4 41. Nxc2 Bxc2 42. Ra2 Bd3 43. Rb2 Be5 0-1

[Event "Europa ch 2014"]
[Site "Yerevan ARM"]
[Date "2014.03.08"]
[Round "6.96"]
[White "Mnatsakanian, Eduard A"]
[Black "Ali Marandi, Cemil Can"]
[Result "0-1"]
[WhiteElo "2144"]
[BlackElo "2380"]
[PlyCount "90"]
[EventDate "2014.03.03"]
[EventType "swiss"]
[EventRounds "11"]
[EventCountry "ARM"]
[Source "lmi"]
[SourceDate "2014.03.02"]

1. e4 e6 2. d4 d5 3. Nc3 Nc6 4. Nf3 Nf6 5. e5 Ne4 6. Bd3 Bb4 7. Bd2 Nxd2 8.
Qxd2 Bd7 9. a3 Be7 10. O-O O-O 11. Nd1 f6 12. exf6 Bxf6 13. Ne3 Be8 14. c3 Bh5
15. Qc2 Bxf3 16. Bxh7+ Kh8 17. gxf3 Bxd4 18. Ng2 Be5 19. f4 Bxf4 20. Qd3 Qg5
21. Qh3 Qh6 22. Qxh6 Bxh6 23. Bd3 Ne5 24. Be2 Rae8 25. f4 Ng6 26. Bh5 Rf6 27.
Rae1 Ref8 28. Bxg6 Rxg6 29. Kh1 Rgf6 30. Kg1 Kg8 31. Rf3 c6 32. h3 Kf7 33. Re5
Ke7 34. Rfe3 Kd7 35. Re2 Rg6 36. f5 Rxf5 37. Rxf5 exf5 38. Kf2 Re6 39. Rc2 c5
40. Nh4 g5 41. Nf3 g4 42. hxg4 fxg4 43. Nh4 Bg5 44. Ng2 Re4 45. Kg3 Ke6 0-1

[Event "Europa ch 2014"]
[Site "Yerevan ARM"]
[Date "2014.03.08"]
[Round "6.97"]
[White "Hayrapetian, Arman"]
[Black "Barseghyan, Harutyun"]
[Result "1-0"]
[WhiteElo "2367"]
[BlackElo "2067"]
[PlyCount "57"]
[EventDate "2014.03.03"]
[EventType "swiss"]
[EventRounds "11"]
[EventCountry "ARM"]
[Source "lmi"]
[SourceDate "2014.03.02"]

1. e4 e6 2. d4 d5 3. Nd2 Be7 4. Ngf3 Nf6 5. Bd3 c5 6. e5 Nfd7 7. c3 b6 8. Qe2
a5 9. a4 Ba6 10. Bb5 Qc8 11. O-O Nc6 12. c4 Bxb5 13. axb5 Nb4 14. cxd5 Nxd5 15.
Nc4 h6 16. dxc5 Qxc5 17. b4 Nxb4 18. Be3 Qc7 19. Rac1 Nc5 20. Bxc5 Bxc5 21.
Nd6+ Ke7 22. Nd4 Qd7 23. Qf3 Bxd6 24. Nc6+ Kf8 25. exd6 Nxc6 26. Rfd1 Rc8 27.
bxc6 Qd8 28. c7 Qd7 29. Qb7 1-0

[Event "Europa ch 2014"]
[Site "Yerevan ARM"]
[Date "2014.03.08"]
[Round "6.98"]
[White "Ghvamberia, Nika"]
[Black "Shahinyan, David"]
[Result "1/2-1/2"]
[WhiteElo "2133"]
[BlackElo "2356"]
[PlyCount "89"]
[EventDate "2014.03.03"]
[EventType "swiss"]
[EventRounds "11"]
[EventCountry "ARM"]
[Source "lmi"]
[SourceDate "2014.03.02"]

1. e4 d6 2. d4 Nf6 3. Nc3 e5 4. Nf3 Nbd7 5. Bc4 Be7 6. h3 O-O 7. Be3 c6 8. a4
Nxe4 9. Nxe4 d5 10. Nxe5 Nxe5 11. dxe5 dxc4 12. O-O Qxd1 13. Raxd1 Bf5 14. Ng3
Bxc2 15. Rd7 Rfe8 16. Rc1 Bd3 17. Rxb7 Rab8 18. Rxa7 Rxb2 19. Nh5 Ra2 20. Bd4
c5 21. Bc3 g6 22. Nf6+ Bxf6 23. exf6 g5 24. a5 h6 25. Re7 Rc8 26. Ree1 Ra3 27.
Bd2 Rb8 28. Re5 Rb2 29. Be1 Kh7 30. Rxc5 Raa2 31. Re5 Kg6 32. Re8 Rc2 33. Rxc2
Rxc2 34. Kh2 Kxf6 35. Kg3 Kg6 36. Rc8 f5 37. Rc6+ Kh5 38. Kh2 Be4 39. Re6 Re2
40. a6 c3 41. a7 c2 42. g4+ fxg4 43. hxg4+ Kh4 44. a8=Q Bxa8 45. Rxe2 1/2-1/2

[Event "Europa ch 2014"]
[Site "Yerevan ARM"]
[Date "2014.03.08"]
[Round "6.99"]
[White "Birnboim, Nathan"]
[Black "Sargsyan, Shant"]
[Result "0-1"]
[WhiteElo "2353"]
[BlackElo "2027"]
[PlyCount "50"]
[EventDate "2014.03.03"]
[EventType "swiss"]
[EventRounds "11"]
[EventCountry "ARM"]
[Source "lmi"]
[SourceDate "2014.03.02"]

1. d4 Nf6 2. c4 e6 3. g3 c5 4. Nf3 cxd4 5. Nxd4 Qc7 6. Nc3 a6 7. Bg2 Qxc4 8.
O-O Nc6 9. Nxc6 bxc6 10. Bf4 d5 11. e4 Be7 12. Re1 O-O 13. e5 Nd7 14. a3 Rb8
15. Rc1 Qb3 16. Qg4 Kh8 17. Nd1 c5 18. Qh5 d4 19. Be4 g6 20. Qh6 Bb7 21. Bg5
Bxg5 22. Qxg5 Bxe4 23. Rxe4 Qd5 24. Qf4 g5 25. Qg4 f5 0-1

[Event "Europa ch 2014"]
[Site "Yerevan ARM"]
[Date "2014.03.08"]
[Round "6.100"]
[White "Manukyan, Sargis A"]
[Black "Pavlidis, Anastasios"]
[Result "1/2-1/2"]
[WhiteElo "2123"]
[BlackElo "2340"]
[PlyCount "103"]
[EventDate "2014.03.03"]
[EventType "swiss"]
[EventRounds "11"]
[EventCountry "ARM"]
[Source "lmi"]
[SourceDate "2014.03.02"]

1. d4 d5 2. c4 c6 3. Nc3 Nf6 4. e3 e6 5. Nf3 Nbd7 6. Bd3 dxc4 7. Bxc4 b5 8. Bd3
Bb7 9. O-O a6 10. e4 c5 11. e5 cxd4 12. Nxb5 Bxf3 13. Qxf3 Nd5 14. Nxd4 Nxe5
15. Qe4 Nxd3 16. Qxd3 Bd6 17. b3 O-O 18. Bb2 Qg5 19. Qe4 Qf4 20. Qxf4 Bxf4 21.
Rfd1 Rfc8 22. g3 Be5 23. Rac1 Rxc1 24. Rxc1 Nb4 25. Rc4 Nxa2 26. Ra4 Bxd4 27.
Rxd4 Rb8 28. Rg4 Rxb3 29. Rxg7+ Kf8 30. Bf6 Rf3 31. Bb2 h5 32. Rh7 Rf5 33. f4
Ke8 34. Be5 Nb4 35. h3 Nd3 36. g4 hxg4 37. hxg4 Rxe5 38. fxe5 Nxe5 39. Rh8+ Ke7
40. Rg8 f6 41. Ra8 Nxg4 42. Rxa6 f5 43. Kg2 e5 44. Kf3 Nf6 45. Kg3 Nd5 46. Kh4
e4 47. Kg5 f4 48. Kg4 Kd7 49. Ra4 e3 50. Kf3 Ke6 51. Rxf4 Nxf4 52. Kxe3 1/2-1/2

[Event "Europa ch 2014"]
[Site "Yerevan ARM"]
[Date "2014.03.08"]
[Round "6.101"]
[White "Ramazian, Arshak"]
[Black "Parvanyan, Ashot"]
[Result "1/2-1/2"]
[WhiteElo "2336"]
[BlackElo "1804"]
[PlyCount "86"]
[EventDate "2014.03.03"]
[EventType "swiss"]
[EventRounds "11"]
[EventCountry "ARM"]
[Source "lmi"]
[SourceDate "2014.03.02"]

1. e4 c6 2. Nf3 d5 3. Nc3 Bg4 4. h3 Bxf3 5. Qxf3 e6 6. d3 Nd7 7. Be2 Ngf6 8.
O-O Bd6 9. Bf4 Qc7 10. Bxd6 Qxd6 11. exd5 exd5 12. d4 O-O 13. Bd3 Rfe8 14. a3
Nf8 15. Rad1 Ne6 16. Bf5 Ng5 17. Qd3 g6 18. Qd2 Nge4 19. Bxe4 Nxe4 20. Nxe4
Rxe4 21. Rfe1 Rae8 22. Rxe4 Rxe4 23. Re1 Qe7 24. Rxe4 Qxe4 25. f3 Qe7 26. g3 h5
27. h4 Qe6 28. Kg2 Kg7 29. c3 b5 30. Qd1 Kg8 31. g4 Qe3 32. Qg1 Qxg1+ 33. Kxg1
f5 34. Kg2 f4 35. gxh5 gxh5 36. Kf2 Kf7 37. Ke2 Ke6 38. Kd3 a5 39. b3 Kd6 40.
a4 b4 41. c4 Kc7 42. Kd2 Kd6 43. Kd3 Ke6 1/2-1/2

[Event "Europa ch 2014"]
[Site "Yerevan ARM"]
[Date "2014.03.08"]
[Round "6.102"]
[White "Matevosyan, Sedrak"]
[Black "Schreiner, Peter"]
[Result "0-1"]
[WhiteElo "2213"]
[BlackElo "2455"]
[PlyCount "86"]
[EventDate "2014.03.03"]
[EventType "swiss"]
[EventRounds "11"]
[EventCountry "ARM"]
[Source "lmi"]
[SourceDate "2014.03.02"]

1. d4 Nf6 2. c4 g6 3. Nc3 d5 4. Bg5 Ne4 5. Bh4 c5 6. cxd5 Nxc3 7. bxc3 Qxd5 8.
e3 Bg7 9. Nf3 cxd4 10. cxd4 Nc6 11. Be2 Qa5+ 12. Qd2 Qxd2+ 13. Kxd2 e5 14. d5
Ne7 15. Bb5+ Bd7 16. Rab1 b6 17. e4 Bxb5 18. Rxb5 Nc8 19. Kd3 Nd6 20. Rb4 f5
21. Nd2 Kd7 22. Bg3 Rac8 23. Re1 Rc5 24. f3 Rhc8 25. Rb3 Nb5 26. Nb1 Nd6 27.
Nc3 h5 28. Re2 Rc4 29. Bf2 Bh6 30. Nb1 Rc1 31. Nc3 Nb7 32. Ra3 Bf8 33. Rb3 Na5
34. Reb2 Nxb3 35. Rxb3 Bb4 36. Be1 Ba5 37. Bd2 Rh1 38. Bg5 Rxc3+ 39. Rxc3 Bxc3
40. Kxc3 Rxh2 41. f4 Rxg2 42. Bf6 exf4 43. e5 Re2 0-1

[Event "Europa ch 2014"]
[Site "Yerevan ARM"]
[Date "2014.03.08"]
[Round "6.103"]
[White "Oganian, Miran"]
[Black "Tiraturyan, David"]
[Result "1-0"]
[WhiteElo "2376"]
[BlackElo "2201"]
[PlyCount "163"]
[EventDate "2014.03.03"]
[EventType "swiss"]
[EventRounds "11"]
[EventCountry "ARM"]
[Source "lmi"]
[SourceDate "2014.03.02"]

1. d4 d6 2. Nf3 Bg4 3. Qd3 c6 4. e4 Nf6 5. Be2 e6 6. c4 Be7 7. Nc3 O-O 8. d5
Nbd7 9. dxe6 Bxe6 10. Bf4 d5 11. cxd5 cxd5 12. e5 Nc5 13. Qd4 Nfe4 14. O-O Nxc3
15. Qxc3 Ne4 16. Qd3 Qb6 17. Qb5 Bc5 18. Qxb6 Bxb6 19. Rad1 Rac8 20. Bd3 Rfd8
21. h3 a5 22. Bb1 Rc4 23. Be3 Bxe3 24. fxe3 Nc5 25. a3 h6 26. Rfe1 Nd7 27. Rd2
Rdc8 28. Kf2 Kf8 29. Ree2 Rc1 30. Bc2 Ke7 31. Kg3 Nb6 32. e4 Nc4 33. Rd4 dxe4
34. Bxe4 b5 35. Bd5 Rb1 36. Bxe6 Kxe6 37. Rg4 Rc5 38. Nd4+ Kd5 39. e6 fxe6 40.
Nxe6 Rc8 41. a4 Rxb2 42. Rd4+ Kc6 43. Rxc4+ bxc4 44. Rxb2 c3 45. Rb5 Kd6 46.
Nd4 Rc4 47. Ne2 c2 48. Kf2 Rxa4 49. Ke3 Ra2 50. Nc1 Ra3+ 51. Ke2 a4 52. Rf5 Rg3
53. Rf2 Rc3 54. Kd2 Rc4 55. Kd3 Rc5 56. Rf4 a3 57. Ra4 Rg5 58. g4 h5 59. Kxc2
hxg4 60. hxg4 Ke6 61. Nd3 Kf6 62. Ra6+ Ke7 63. Nf2 Rd5 64. Rxa3 Kf6 65. Nh3 Rd4
66. Rf3+ Ke5 67. Rf5+ Ke6 68. Nf4+ Ke7 69. Kc3 Rd1 70. g5 Rd6 71. Ra5 Rd7 72.
Ra6 Kf7 73. Kc4 Kg8 74. Nd5 Kh7 75. Kd4 Rb7 76. Ke5 Rb5 77. Rd6 Ra5 78. Kf5 Ra8
79. Rd7 Rf8+ 80. Kg4 Kg6 81. Nf4+ Kh7 82. Nh5 1-0

[Event "Europa ch 2014"]
[Site "Yerevan ARM"]
[Date "2014.03.08"]
[Round "6.104"]
[White "Hairapetian, Anna"]
[Black "Ben Artzi, Ido"]
[Result "0-1"]
[WhiteElo "2188"]
[BlackElo "2370"]
[PlyCount "80"]
[EventDate "2014.03.03"]
[EventType "swiss"]
[EventRounds "11"]
[EventCountry "ARM"]
[Source "lmi"]
[SourceDate "2014.03.02"]

1. e4 e5 2. Nf3 Nc6 3. Bb5 a6 4. Ba4 Nf6 5. O-O Be7 6. Re1 b5 7. Bb3 d6 8. c3
O-O 9. h3 Nb8 10. d4 Nbd7 11. Nbd2 Bb7 12. Bc2 Re8 13. Nf1 Bf8 14. Ng3 g6 15.
Bg5 h6 16. Be3 exd4 17. cxd4 Nxe4 18. Nxe4 Bxe4 19. Bxe4 Rxe4 20. Qc2 Re8 21.
Qc6 Nb6 22. Rac1 Nc4 23. b3 Nxe3 24. fxe3 Ra7 25. d5 Bg7 26. Nd4 Re4 27. Qc2
Qh4 28. Nf3 Qe7 29. Qd3 Qe8 30. Rc6 b4 31. Nd2 Re7 32. Nc4 a5 33. Rc1 Kh7 34.
Qd1 h5 35. Qd3 a4 36. bxa4 Rxa4 37. Nxd6 cxd6 38. Rc8 Rxe3 39. Qf1 Qe4 40. Qxf7
Rxa2 0-1

[Event "Europa ch 2014"]
[Site "Yerevan ARM"]
[Date "2014.03.08"]
[Round "6.105"]
[White "Baghdasaryan, Vahe"]
[Black "Vatinyan, Gor"]
[Result "1-0"]
[WhiteElo "2368"]
[BlackElo "2176"]
[PlyCount "47"]
[EventDate "2014.03.03"]
[EventType "swiss"]
[EventRounds "11"]
[EventCountry "ARM"]
[Source "lmi"]
[SourceDate "2014.03.02"]

1. e4 c5 2. Nf3 Nc6 3. d4 cxd4 4. Nxd4 Nf6 5. Nc3 d6 6. Bg5 e6 7. Qd2 a6 8.
O-O-O Be7 9. f4 h6 10. Bxf6 gxf6 11. f5 Qa5 12. Be2 exf5 13. Nxf5 Bxf5 14. exf5
Qxf5 15. Nd5 O-O-O 16. Qc3 Qe5 17. Nxe7+ Qxe7 18. Bxa6 Kc7 19. Rhe1 Qd7 20. Bb5
Qf5 21. Bxc6 bxc6 22. Qa3 d5 23. Qa7+ Kd6 24. Qe7# 1-0

[Event "Europa ch 2014"]
[Site "Yerevan ARM"]
[Date "2014.03.08"]
[Round "6.106"]
[White "Musalov, Ruslan"]
[Black "Hudyakov, Sergey"]
[Result "1-0"]
[WhiteElo "2340"]
[BlackElo "2107"]
[PlyCount "39"]
[EventDate "2014.03.03"]
[EventType "swiss"]
[EventRounds "11"]
[EventCountry "ARM"]
[Source "lmi"]
[SourceDate "2014.03.02"]

1. c4 e6 2. Nc3 d5 3. d4 Nf6 4. Nf3 Be7 5. Qa4+ c6 6. Bf4 O-O 7. e3 Nbd7 8. Qc2
b6 9. Bd3 Bb7 10. cxd5 exd5 11. g4 g6 12. h4 Nxg4 13. h5 f5 14. hxg6 hxg6 15.
O-O-O Kg7 16. Rdg1 Ndf6 17. Bxf5 gxf5 18. Qxf5 Rh8 19. Rxg4+ Nxg4 20. Qxg4+ 1-0

[Event "Europa ch 2014"]
[Site "Yerevan ARM"]
[Date "2014.03.08"]
[Round "6.107"]
[White "Erenberg, Ariel"]
[Black "Salomon, Johan"]
[Result "0-1"]
[WhiteElo "2092"]
[BlackElo "2340"]
[PlyCount "134"]
[EventDate "2014.03.03"]
[EventType "swiss"]
[EventRounds "11"]
[EventCountry "ARM"]
[Source "lmi"]
[SourceDate "2014.03.02"]

1. d4 Nf6 2. c4 e6 3. Nf3 b6 4. g3 Ba6 5. Qc2 c5 6. d5 exd5 7. cxd5 Bb7 8. Bg2
Nxd5 9. O-O Be7 10. Rd1 Nc6 11. a3 Nf6 12. e4 O-O 13. Nc3 Qc8 14. e5 Ne8 15.
Nd5 Nc7 16. Nxe7+ Nxe7 17. Ng5 Ng6 18. Bxb7 Qxb7 19. Rxd7 Rad8 20. Rxd8 Rxd8
21. Be3 Qd5 22. f4 Nf8 23. Rc1 h6 24. Ne4 Nb5 25. Nc3 Nxc3 26. Qxc3 Qe4 27. Bf2
Rd3 28. Qe1 Qd5 29. Be3 Ne6 30. Qf2 Nd4 31. Bxd4 Rxd4 32. Re1 g6 33. Re2 Rd1+
34. Re1 Rd3 35. Re2 b5 36. Re3 Rd1+ 37. Re1 Rd4 38. Re2 a5 39. Qe3 Rd3 40. Qf2
b4 41. axb4 axb4 42. h4 h5 43. Kh2 Rd1 44. Re1 Rd4 45. Re3 c4 46. e6 fxe6 47.
Rxe6 Rd2 48. Re8+ Kg7 49. Re2 c3 50. bxc3 bxc3 51. Qa7+ Kh6 52. Rxd2 Qxd2+ 53.
Kh3 c2 54. Qc5 Qd7+ 55. Kh2 Qf5 56. Qc3 Kh7 57. Qc7+ Kg8 58. Qb8+ Kg7 59. Qc7+
Kf6 60. Qc6+ Ke7 61. Qc7+ Ke8 62. Qc6+ Kd8 63. Qb6+ Kd7 64. Qb7+ Kd6 65. Qb6+
Kd5 66. Qb3+ Kd4 67. Qb4+ Kd3 0-1

[Event "Europa ch 2014"]
[Site "Yerevan ARM"]
[Date "2014.03.08"]
[Round "6.108"]
[White "Vardanian, Haik G"]
[Black "Sargsyan, Shushanna"]
[Result "1/2-1/2"]
[WhiteElo "2327"]
[BlackElo "2093"]
[PlyCount "112"]
[EventDate "2014.03.03"]
[EventType "swiss"]
[EventRounds "11"]
[EventCountry "ARM"]
[Source "lmi"]
[SourceDate "2014.03.02"]

1. c4 c6 2. Nf3 d5 3. b3 Nf6 4. Bb2 Bf5 5. g3 g6 6. Bg2 Bg7 7. O-O O-O 8. d3
Re8 9. Nbd2 Na6 10. h3 h5 11. Re1 Rc8 12. Qb1 Nc5 13. Nh4 Bd7 14. Qc2 e5 15. b4
Na6 16. a3 Nc7 17. Rad1 Qe7 18. Nb3 b6 19. Nf3 Nh7 20. e4 d4 21. Bc1 Ne6 22.
Kh2 c5 23. b5 a6 24. a4 Ra8 25. Bd2 Ra7 26. Rb1 a5 27. h4 Qd6 28. Bh3 Nef8 29.
Bxd7 Nxd7 30. Kg2 Ndf6 31. Ng5 Ng4 32. f3 Ngf6 33. Rf1 Qd7 34. Rbe1 Raa8 35.
Nxh7 Kxh7 36. Bg5 Ng8 37. Qe2 Rf8 38. Rf2 Rae8 39. Ref1 Bh6 40. Rh1 f6 41. Bd2
Bxd2 42. Nxd2 Nh6 43. Kf1 Rf7 44. Ke1 Kg7 45. Rg1 f5 46. exf5 Nxf5 47. g4 hxg4
48. Rxg4 Ne3 49. Rg1 Rh8 50. Nf1 Rxh4 51. Nxe3 dxe3 52. Qxe3 Qd4 53. Ke2 Rd7
54. Rfg2 Rd6 55. Rg4 Qb2+ 56. Qd2 Rh2+ 1/2-1/2

[Event "Europa ch 2014"]
[Site "Yerevan ARM"]
[Date "2014.03.08"]
[Round "6.109"]
[White "Babayan, Armine"]
[Black "Alaverdyan, Gevorg"]
[Result "0-1"]
[WhiteElo "2085"]
[BlackElo "2311"]
[PlyCount "100"]
[EventDate "2014.03.03"]
[EventType "swiss"]
[EventRounds "11"]
[EventCountry "ARM"]
[Source "lmi"]
[SourceDate "2014.03.02"]

1. e4 c5 2. Nf3 e6 3. d4 cxd4 4. Nxd4 Nc6 5. Nc3 a6 6. Be3 Qc7 7. Be2 Nf6 8.
O-O Be7 9. f4 d6 10. a4 O-O 11. Nb3 b6 12. Qe1 Bb7 13. Qf2 Nd7 14. g4 Nb4 15.
Bf3 Rfe8 16. g5 Nc5 17. Nd4 Bf8 18. f5 g6 19. Bg2 Rad8 20. f6 e5 21. Nb3 d5 22.
exd5 Nxd5 23. Nxd5 Bxd5 24. Nxc5 bxc5 25. h4 Qc6 26. h5 Rb8 27. hxg6 hxg6 28.
b3 Rb4 29. Bxd5 Qxd5 30. c4 Qe4 31. Qf3 Qh4 32. Rab1 Rd8 33. Kg2 e4 34. Qe2 Bd6
35. Rh1 Qg3+ 36. Kf1 Bf4 37. Bxc5 Rxb3 38. Rxb3 Qxb3 39. Bf2 e3 40. Be1 Bxg5
41. Rh3 Bxf6 42. Rxe3 Qxa4 43. Re4 Qc6 44. Bf2 Kg7 45. c5 Rd5 46. Re8 Rf5 47.
Ke1 Bc3+ 48. Kd1 Rxf2 49. Qxf2 Qxe8 50. Qf3 Qa4+ 0-1

[Event "Europa ch 2014"]
[Site "Yerevan ARM"]
[Date "2014.03.08"]
[Round "6.110"]
[White "Mikaelyan, Arman"]
[Black "Nersisyan, Garnik"]
[Result "1/2-1/2"]
[WhiteElo "2291"]
[BlackElo "2063"]
[PlyCount "94"]
[EventDate "2014.03.03"]
[EventType "swiss"]
[EventRounds "11"]
[EventCountry "ARM"]
[Source "lmi"]
[SourceDate "2014.03.02"]

1. Nf3 d5 2. g3 g6 3. Bg2 Bg7 4. c4 dxc4 5. O-O Nf6 6. Qa4+ c6 7. Qxc4 O-O 8.
Nc3 Qa5 9. d4 Nd5 10. Qb3 Nd7 11. e4 Nxc3 12. bxc3 e5 13. Ba3 c5 14. Rfd1 h6
15. Bf1 a6 16. Rac1 Qc7 17. Nh4 Kh7 18. Rb1 Bf6 19. dxc5 Nxc5 20. Qb6 Qxb6 21.
Rxb6 Bxh4 22. Bxc5 Bd8 23. Rxg6 Kxg6 24. Bxf8 Be6 25. a3 Rc8 26. Bd6 f6 27. c4
Bxc4 28. Bh3 Ra8 29. Bf8 Kf7 30. Bxh6 Be7 31. Rd7 Rh8 32. Be3 Rd8 33. Rxd8 Bxd8
34. Bc8 b6 35. h4 a5 36. Bd7 b5 37. Kg2 Be7 38. Bc1 b4 39. axb4 axb4 40. h5 b3
41. h6 Bb4 42. Be8+ Kg8 43. Bg6 Kh8 44. h7 Bc3 45. Ba3 Bg8 46. hxg8=Q+ Kxg8 47.
Bf5 Kf7 1/2-1/2

[Event "Europa ch 2014"]
[Site "Yerevan ARM"]
[Date "2014.03.08"]
[Round "6.111"]
[White "Sayadyan, Edvard"]
[Black "Cherednichenko, Svetlana"]
[Result "0-1"]
[WhiteElo "2010"]
[BlackElo "2270"]
[PlyCount "52"]
[EventDate "2014.03.03"]
[EventType "swiss"]
[EventRounds "11"]
[EventCountry "ARM"]
[Source "lmi"]
[SourceDate "2014.03.02"]

1. e4 d6 2. d4 Nf6 3. Nc3 e5 4. Nf3 Nbd7 5. g4 Nxg4 6. Rg1 Ngf6 7. Be3 c6 8.
Qd2 b5 9. O-O-O b4 10. dxe5 Qa5 11. Nb1 Nxe4 12. Qe1 dxe5 13. Bc4 g6 14. h4 Bg7
15. h5 Nec5 16. Ng5 Rf8 17. Nxh7 Nb6 18. Nxf8 Nxc4 19. Nh7 Bf5 20. hxg6 fxg6
21. Ng5 Rb8 22. Bd4 Qxa2 23. Rg3 b3 24. Qh1 bxc2 25. Qxc6+ Nd7 26. Nc3 Qxb2#
0-1

[Event "Europa ch 2014"]
[Site "Yerevan ARM"]
[Date "2014.03.08"]
[Round "6.112"]
[White "Aleksanyan, Hrant"]
[Black "Vardanian, Hakob"]
[Result "1/2-1/2"]
[WhiteElo "2003"]
[BlackElo "2270"]
[PlyCount "100"]
[EventDate "2014.03.03"]
[EventType "swiss"]
[EventRounds "11"]
[EventCountry "ARM"]
[Source "lmi"]
[SourceDate "2014.03.02"]

1. d4 Nf6 2. Nf3 b6 3. c4 e6 4. a3 Bb7 5. Nc3 d5 6. Bg5 Nbd7 7. cxd5 exd5 8. e3
a6 9. Bd3 Bd6 10. O-O O-O 11. b4 Qe8 12. Qb3 Qe6 13. Bh4 Rae8 14. Rfe1 Qg4 15.
Bg3 Bxg3 16. hxg3 Qh5 17. Nh2 Ne4 18. Be2 Qg5 19. Nxe4 dxe4 20. Rac1 Rc8 21.
Rc2 b5 22. a4 Bd5 23. Qa3 c6 24. axb5 axb5 25. Qa7 Qd8 26. Ra1 Ra8 27. Qxa8
Qxa8 28. Rxa8 Rxa8 29. f3 f5 30. Kf2 h5 31. g4 fxg4 32. fxg4 h4 33. g5 Nb6 34.
g3 h3 35. g4 Ra3 36. Nf1 Kf7 37. Kg3 Nc4 38. Bxc4 Bxc4 39. Rf2+ Kg6 40. Kxh3
Kxg5 41. Rf5+ Kg6 42. Kg3 Ra2 43. Kh4 Rg2 44. Rg5+ Kh7 45. Rh5+ Kg8 46. Ng3
Rh2+ 47. Kg5 Rb2 48. Nxe4 Rxb4 49. Nd6 Be6 50. Kg6 Kf8 1/2-1/2

[Event "Europa ch 2014"]
[Site "Yerevan ARM"]
[Date "2014.03.08"]
[Round "6.113"]
[White "Manukyan, Sargis V"]
[Black "Yayloyan, Konstantin"]
[Result "1-0"]
[WhiteElo "2268"]
[BlackElo "1963"]
[PlyCount "127"]
[EventDate "2014.03.03"]
[EventType "swiss"]
[EventRounds "11"]
[EventCountry "ARM"]
[Source "lmi"]
[SourceDate "2014.03.02"]

1. d4 g6 2. e4 c6 3. c4 d5 4. exd5 cxd5 5. Nc3 Nf6 6. cxd5 Nxd5 7. Bc4 Nb6 8.
Bb3 Bg7 9. Nf3 O-O 10. d5 N8d7 11. Be3 Nf6 12. O-O Bd7 13. Qe2 Nc8 14. h3 Nd6
15. Rfe1 Re8 16. Ne5 Bf5 17. Bd4 e6 18. g4 exd5 19. gxf5 Nxf5 20. Qd3 Nxd4 21.
Qxd4 Nd7 22. f4 Qh4 23. Qxd5 Nxe5 24. fxe5 Qxh3 25. Qxf7+ Kh8 26. Qf1 Qg4+ 27.
Qg2 Qd4+ 28. Qf2 Qg4+ 29. Qg2 Qd4+ 30. Kh1 Rxe5 31. Rxe5 Bxe5 32. Qe4 Qxe4+ 33.
Nxe4 Bxb2 34. Rb1 Bd4 35. Bd5 Bb6 36. Rf1 Rd8 37. Bxb7 Kg7 38. Ng5 Rd2 39. a4
Kh6 40. Nf3 Ra2 41. Bc6 Rc2 42. Bd7 Rf2 43. Rxf2 Bxf2 44. Kg2 Bb6 45. Kg3 Kg7
46. Ng5 h5 47. Be8 Kh6 48. Nf7+ Kg7 49. Ng5 Kh6 50. Ne4 Bc7+ 51. Kf3 Be5 52.
Nc5 Kg5 53. Ne4+ Kh6 54. Nc5 Kg5 55. Ke4 Bd6 56. Ne6+ Kg4 57. Bxg6 h4 58. Kd5
Bh2 59. Kc6 h3 60. Kb7 Bg1 61. a5 h2 62. Be4 Be3 63. a6 Kg3 64. Nd8 1-0